Á lódáil...

International trade and economic growth

Sonraí Bibleagrafaíochta
Príomhúdar: Johnson, Harry G
Formáid: Printed Book
Foilsithe: George Allen & Unwin Ltd., London 1970
Ábhair:
LEADER 00506nam a2200193 4500
020
082 |a 382 JOH-I 
100 |a Johnson, Harry G 
245 |a International trade and economic growth 
250
260 |a George Allen & Unwin Ltd., London  |c 1970 
300 |a 210 
490
500
590
650 |a International commerce 
942 |c BK 
999 |c 108050  |d 108050 
952 |0 0  |1 0  |4 0  |6 382_000000000000000_JOHI  |7 0  |9 121517  |a ECN  |b ECN  |l 0  |o 382 JOH-I  |p ECN05084  |r 2019-09-25  |w 2019-09-25  |y BK